000 004620000a22001690004500
003 MACL
005 20151222123407.0
008 151222b xxu||||| |||| 00| 0 eng d
040 _aMACL
_cMACL
041 _aEnglish
082 _a200/MAC
100 _aMacdonell, Arthur Anthony
_921835
245 _aThe Brhad Devata Saunaka
_bHarvard Oriental Series Vol 5
260 _bHarvard University Press
_c1904
650 _aReligion
_921837
942 _cBK
_k200/MAC
_2ddc
999 _c40970
_d40970